| 000 | 00587cam a2200217ua 4500 | ||
|---|---|---|---|
| 001 | 10072 | ||
| 008 | 180404n ii |||gr||||Z||||||asm | ||
| 020 | _a9789382030386 | ||
| 040 | _cMAIN | ||
| 041 | _aasm | ||
| 082 | _a338.954 | ||
| 100 |
_aAhmed, Rofique, _eAuthor. |
||
| 245 |
_aDevelopment economics with Indian perspective-2 _cBy Rofique Ahmed |
||
| 250 | _a2nd ed. | ||
| 260 |
_aJorhat: _bUnika prakashan, _c2015. |
||
| 300 | _a422p. | ||
| 653 | _aProduction | ||
| 653 | _aDevelopment economics of India | ||
| 653 | _aBharatar prekshapotot unnayan arthashastra | ||
| 942 | _cBK | ||
| 999 |
_c9071 _d9071 |
||